000 00668nam a2200253Ia 4500
005 20260121154857.0
008 008 260114s9999 xx 000 0 eng d
020 _a9781003026075
037 _aEBOOK
040 _aCRL
040 _beng
040 _cCRL
041 _2eng
041 _aeng
084 _qCRL
100 _a Phoumin Han; Farhad Taghizadeh-Hesary; Fukunari Kimura
_91012618
245 0 _aEnergy Sustainability and Development in ASEAN and East Asia
260 _bTaylor and Francis
260 _c2021
856 _uhttp://www.taylorfrancis.com/books/9781003026075
942 _cEBOOK
999 _c1579437
_d1579437